[Event "Metz op 37th"]
[Site "Metz"]
[Date "2019.04.09"]
[Round "2"]
[White "Chigaeva, Anastasia"]
[Black "Schweitzer, Viktoriya"]
[Result "1-0"]
[WhiteElo "2158"]
[BlackElo "2084"]
[PlyCount "119"]
[EventDate "2019.04.08"]
[EventType "swiss"]
[EventRounds "9"]
[EventCountry "FRA"]
[SourceTitle "CBM 189 Extra"]
[Source "ChessBase"]
[SourceDate "2019.06.03"]
[SourceVersion "1"]
[SourceVersionDate "2019.06.03"]
[SourceQuality "1"]

1. d4 d6 2. e4 Nf6 3. Nc3 c6 4. h3 Nbd7 5. Nge2 g6 6. g4 b5 7. a3 Nb6 8. Bg2 e5 9. dxe5 dxe5 10. Qxd8+ Kxd8 11. Bg5 Be7 12. 0-0-0+ Nfd7 13. Bh6 Kc7 14. f4 Bf8 15. Bxf8 Rxf8 16. b3 a5 17. Kb2 Ba6 18. Rhe1 b4 19. axb4 axb4 20. Na2 c5 21. fxe5 Bxe2 22. Rxe2 Nxe5 23. c3 Rfd8 24. Rxd8 bxc3+ 25. Kxc3 Rxd8 26. Rd2 Ra8 27. Nc1 c4 28. Bf1 Ra1 29. Rc2 cxb3 30. Kxb3+ Kd6 31. Kc3 Ra4 32. Rd2+ Ke7 33. Rd4 Ra3+ 34. Nb3 Nc6 35. Rd3 Na4+ 36. Kd2 Ne5 37. Re3 Kd6 38. Nd4 Ra2+ 39. Ke1 Nc5 40. Be2 Ra4 41. Nb5+ Ke6 42. Nc3 Ra3 43. g5 Ra1+ 44. Kf2 Rc1 45. Nb5 Rb1 46. Nc3 Rc1 47. Nb5 Ke7 48. Kg2 Ne6 49. h4 Rc2 50. Kg3 Rb2 51. Nc3 Nd4 52. Bf1 Kd6 53. Nd5 f5 54. gxf6 h5 55. Ra3 Rb3+ 56. Rxb3 Nxb3 57. Bh3 Nd4 58. Kf4 Nf7 59. Ne7 Ne5 60. Bc8 1-0

[Event "Metz op 37th"]
[Site "Metz"]
[Date "2019.04.09"]
[Round "3"]
[White "Schweitzer, Viktoriya"]
[Black "Haenssel, Christian"]
[Result "1-0"]
[WhiteElo "2084"]
[BlackElo "2087"]
[PlyCount "144"]
[EventDate "2019.04.08"]
[EventType "swiss"]
[EventRounds "9"]
[EventCountry "FRA"]
[SourceTitle "CBM 189 Extra"]
[Source "ChessBase"]
[SourceDate "2019.06.03"]
[SourceVersion "1"]
[SourceVersionDate "2019.06.03"]
[SourceQuality "1"]

1. e4 c5 2. Nf3 d6 3. Bc4 e6 4. Nc3 Nf6 5. 0-0 Be7 6. d3 0-0 7. Bb3 Nc6 8. Re1 Na5 9. Ne2 a6 10. c3 Nxb3 11. Qxb3 Qc7 12. h3 c4 13. Qc2 cxd3 14. Qxd3 b6 15. Ng3 Nd7 16. Bf4 Ne5 17. Nxe5 dxe5 18. Bd2 Rd8 19. Qe2 Bh4 20. Nf1 Bb7 21. Qg4 Be7 22. h4 Rd6 23. h5 Rad8 24. Bh6 Bf8 25. Bg5 Be7 26. h6 f6 27. Be3 g6 28. f4 exf4 29. Bxf4 e5 30. Bg3 Qd7 31. Qe2 Bf8 32. Bf2 Bxh6 33. Qc4+ Qf7 34. Qb4 Qe6 35. a4 Bf8 36. a5 Rc6 37. Qa4 b5 38. Qc2 Rcd6 39. Bb6 R8d7 40. Qf2 Qc4 41. Qf3 Qe6 42. Qe2 Rd3 43. Bd4 R3xd4 44. cxd4 Rxd4 45. Ng3 Bb4 46. Red1 Bxa5 47. Rxd4 Bb6 48. Kh2 Bxd4 49. Rc1 Qd7 50. Rc2 Kg7 51. Nf1 h5 52. Nd2 Bb6 53. Nb3 Qg4 54. Qxg4 hxg4 55. Nd2 Kh6 56. g3 Kg5 57. b4 a5 58. bxa5 Bxa5 59. Nb3 Bb4 60. Nc5 Bxc5 61. Rxc5 Bxe4 62. Rxb5 Kf5 63. Kg1 Ke6 64. Rb6+ Ke7 65. Kf2 Bd5 66. Ke3 Be6 67. Ke4 Bf5+ 68. Kd5 Bc8 69. Kc5 f5 70. Rxg6 e4 71. Kd4 Be6 72. Ke5 Bc8 1-0

[Event "Metz op 37th"]
[Site "Metz"]
[Date "2019.04.08"]
[Round "1"]
[White "Schweitzer, Viktoriya"]
[Black "Di Nicolantonio, Lucas"]
[Result "0-1"]
[WhiteElo "2084"]
[BlackElo "2359"]
[PlyCount "94"]
[EventDate "2019.04.08"]
[EventType "swiss"]
[EventRounds "9"]
[EventCountry "FRA"]
[SourceTitle "CBM 189 Extra"]
[Source "ChessBase"]
[SourceDate "2019.06.03"]
[SourceVersion "1"]
[SourceVersionDate "2019.06.03"]
[SourceQuality "1"]

1. e4 g6 2. Nc3 Bg7 3. Nf3 d6 4. d4 a6 5. Bd3 Bg4 6. Be3 Nf6 7. 0-0 0-0 8. h3 Bxf3 9. Qxf3 Nc6 10. Rad1 Nd7 11. d5 Nb4 12. Qe2 c5 13. dxc6 Nxc6 14. Qd2 Re8 15. Nd5 Rc8 16. c4 e6 17. Nf4 Nc5 18. b3 Nxd3 19. Qxd3 Qa5 20. Qd2 Bc3 21. Qe2 Red8 22. Bd2 b5 23. cxb5 Nd4 24. Qe3 Nxb5 25. a4 Bxd2 26. Rxd2 Nc3 27. Rd3 Qe5 28. Re1 a5 29. f3 Na2 30. Ne2 Nb4 31. f4 Qh5 32. Rc3 Nc2 33. Rxc8 Rxc8 34. Qc1 Qc5+ 35. Kf1 Nxe1 36. Qxe1 Qe3 37. Qxa5 Rc2 38. Qa6 Qxb3 39. Qxd6 Rc8 40. a5 Qb1+ 41. Kf2 Qxe4 42. g3 Rc2 43. Qb8+ Kg7 44. Qb5 Ra2 45. Qa6 Qa4 46. Kf3 Ra3+ 47. Kg2 Qe4+ 0-1

[Event "Metz (Women) 4th"]
[Site "Metz"]
[Date "2018.07.24"]
[Round "3"]
[White "Moskalets, Svetlana"]
[Black "Schweitzer, Viktoriya"]
[Result "1/2-1/2"]
[WhiteElo "2208"]
[BlackElo "2097"]
[PlyCount "75"]
[EventDate "2018.07.23"]
[EventType "tourn"]
[EventRounds "9"]
[EventCountry "FRA"]
[SourceTitle "CBM 185 Extra"]
[Source "ChessBase"]
[SourceDate "2018.07.29"]
[SourceVersion "1"]
[SourceVersionDate "2018.07.29"]
[SourceQuality "1"]

1. e4 b6 2. d4 Bb7 3. Bd3 e6 4. Nf3 g6 5. Nc3 Bg7 6. Bg5 Ne7 7. Qd2 h6 8. Bf4 d6 9. h4 Nd7 10. 0-0-0 Qc8 11. Kb1 Ba6 12. Rhe1 Bxd3 13. Qxd3 Qb7 14. Qd2 0-0-0 15. Qe2 a6 16. Bh2 Kb8 17. Qe3 b5 18. Nd2 Nb6 19. Ne2 Ka7 20. h5 g5 21. f4 g4 22. Bg3 Rde8 23. Bh4 Nc6 24. c3 d5 25. e5 Nc4 26. Nxc4 bxc4 27. f5 Rb8 28. Rd2 Rhe8 29. fxe6 fxe6 30. Nf4 Bf8 31. Ng6 Ba3 32. Ree2 Qb5 33. Rc2 Qa4 34. Kc1 Bf8 35. Kb1 Ba3 36. Kc1 Bf8 37. Kb1 Ba3 38. Kc1 1/2-1/2

[Event "Metz (Women) 4th"]
[Site "Metz"]
[Date "2018.07.23"]
[Round "1"]
[White "Muetsch, Annmarie"]
[Black "Schweitzer, Viktoriya"]
[Result "0-1"]
[WhiteElo "2146"]
[BlackElo "2097"]
[PlyCount "144"]
[EventDate "2018.07.23"]
[EventType "tourn"]
[EventRounds "9"]
[EventCountry "FRA"]
[SourceTitle "CBM 185 Extra"]
[Source "ChessBase"]
[SourceDate "2018.07.29"]
[SourceVersion "1"]
[SourceVersionDate "2018.07.29"]
[SourceQuality "1"]

1. e4 d6 2. d4 Nf6 3. Nc3 g6 4. f4 Bg7 5. Nf3 0-0 6. Bd3 Nc6 7. 0-0 e5 8. fxe5 dxe5 9. d5 Nd4 10. Ne2 Nxf3+ 11. Rxf3 c6 12. c4 cxd5 13. cxd5 Bg4 14. Rf2 Qb6 15. h3 Bd7 16. Qb3 Qxb3 17. axb3 Rfc8 18. Be3 Ne8 19. Nc3 a6 20. b4 Bf8 21. Raf1 Nd6 22. Bc5 Be8 23. Rf6 Rd8 24. Nd1 Be7 25. R6f3 h5 26. Ne3 b5 27. g4 h4 28. Kh1 Bg5 29. Ng2 Rac8 30. Ra1 Nb7 31. Bf2 Rc1+ 32. Rxc1 Bxc1 33. Bxh4 Rc8 34. Rf2 g5 35. Bg3 Bf4 36. Kh2 Nd6 37. h4 f6 38. Bxf4 gxf4 39. h5 Bd7 40. Nh4 Nc4 41. Nf5 Bxf5 42. gxf5 Ne3 43. Rd2 Kf7 44. d6 Rd8 45. d7 Rxd7 46. Bc4+ Ke8 47. Rxd7 Kxd7 48. Be6+ Ke7 49. Bc8 Nc4 50. Bxa6 Nd6 51. Kg2 Kf7 52. Kf3 Kg7 53. Kg4 Kh6 54. Kh4 f3 55. Kg3 Kxh5 56. Kxf3 Kh4 57. Ke3 Kg3 58. Kd3 Kf4 59. Bxb5 Nxb5 60. Kc4 Nd6+ 61. Kd5 Nb5 62. Kc5 Nd4 63. b5 Nxb5 64. Kxb5 Kxe4 65. Kc6 Kd4 66. b4 e4 67. b5 e3 68. b6 e2 69. b7 e1Q 70. b8Q Qe4+ 71. Kd7 Qxf5+ 72. Kd8 Qd5+ 0-1

[Event "FRA-ch rapid (Women)"]
[Site "Monteux"]
[Date "2016.06.12"]
[Round "9"]
[White "Schweitzer, Viktoriya"]
[Black "Fischer, Julie"]
[Result "1-0"]
[WhiteElo "2181"]
[BlackElo "2034"]
[PlyCount "197"]
[EventDate "2016.06.11"]
[EventType "swiss (rapid)"]
[EventRounds "9"]
[EventCountry "FRA"]
[SourceTitle "CBM 173 Extra"]
[Source "ChessBase"]
[SourceDate "2016.08.29"]
[SourceVersion "1"]
[SourceVersionDate "2016.08.29"]
[SourceQuality "1"]

1. e4 c5 2. Nf3 Nc6 3. c3 d5 4. exd5 Qxd5 5. d4 Nf6 6. Be2 cxd4 7. cxd4 e6 8. 0-0 Be7 9. Nc3 Qd6 10. Nb5 Qd8 11. Bf4 Nd5 12. Bg3 0-0 13. Rc1 a6 14. Nc3 Bf6 15. Ne4 Be7 16. Nc5 Qa5 17. a3 Qd8 18. Nxa6 Nxd4 19. Nxd4 bxa6 20. Nc6 Qd7 21. Bf3 Bd6 22. Bxd6 Qxd6 23. Bxd5 exd5 24. Qxd5 Qxd5 25. Ne7+ Kh8 26. Nxd5 Rb8 27. Rc2 Bf5 28. Rd2 Rb3 29. Ne3 Be6 30. h3 Rfb8 31. Rfd1 h6 32. Rd8+ Rxd8 33. Rxd8+ Kh7 34. Rd2 Kg6 35. Kf1 Kf6 36. Ke1 Ke5 37. Kd1 a5 38. Kc2 a4 39. Rd3 Rb7 40. Rc3 Kd4 41. Rd3+ Ke5 42. g4 g6 43. Ng2 Bd5 44. Re3+ Be4+ 45. Kc1 Kd4 46. Nf4 Rc7+ 47. Kd1 Rd7 48. Ne2+ Kc4+ 49. Kc1 Bd3 50. Nc3 Kb3 51. Re8 Rb7 52. Re3 Rd7 53. Re8 Rb7 54. Rd8 Bb5 55. Rd5 Bc6 56. Rd3 Kc4 57. Re3 Rd7 58. Kc2 Rb7 59. Ne4 Rd7 60. Nd2+ Kc5 61. Rc3+ Kb5 62. Re3 Kc5 63. Ne4+ Kb5 64. f3 Kb6 65. Nd2 Kc5 66. Rc3+ Kb5 67. Nc4 Bxf3 68. Rxf3 Kxc4 69. Rf4+ Kb5 70. Kc3 Rc7+ 71. Kd3 Rd7+ 72. Ke3 Re7+ 73. Kd3 Rd7+ 74. Kc3 Rc7+ 75. Kd2 Rd7+ 76. Kc1 Rc7+ 77. Kb1 Re7 78. Rb4+ Ka5 79. Rf4 Kb5 80. Ka2 Rd7 81. h4 Re7 82. h5 gxh5 83. Rf5+ Kc4 84. Rxh5 Re6 85. Rf5 Rg6 86. Ra5 Rg5 87. Rxa4+ Kb5 88. Rf4 Rg7 89. a4+ Ka5 90. Ka3 h5 91. gxh5 Rg3+ 92. b3 Rh3 93. Rf5+ Kb6 94. a5+ Ka6 95. Ka4 Rh1 96. Rf6+ Ka7 97. Rxf7+ Ka6 98. Rf6+ Ka7 99. h6 1-0

[Event "FRA-ch rapid (Women)"]
[Site "Monteux"]
[Date "2016.06.12"]
[Round "8"]
[White "Schweitzer, Viktoriya"]
[Black "Maisuradze, Nino"]
[Result "0-1"]
[WhiteElo "2181"]
[BlackElo "2263"]
[PlyCount "76"]
[EventDate "2016.06.11"]
[EventType "swiss (rapid)"]
[EventRounds "9"]
[EventCountry "FRA"]
[SourceTitle "CBM 173 Extra"]
[Source "ChessBase"]
[SourceDate "2016.08.29"]
[SourceVersion "1"]
[SourceVersionDate "2016.08.29"]
[SourceQuality "1"]

1. e4 c5 2. Nf3 a6 3. Nc3 e6 4. g3 b5 5. a3 Bb7 6. d3 Nc6 7. Bg2 d6 8. 0-0 Be7 9. Bf4 Nd4 10. Nxd4 cxd4 11. Ne2 Rc8 12. Bd2 Qb6 13. c3 dxc3 14. Nxc3 Nf6 15. Be3 Qa5 16. Qd2 Qd8 17. h3 Nd7 18. f4 0-0 19. Rad1 Bf6 20. d4 Nb6 21. b3 Be7 22. f5 exf5 23. Rxf5 d5 24. exd5 Bxa3 25. Ne4 Nxd5 26. Bf2 Qd7 27. g4 Ne7 28. Nf6+ gxf6 29. Rh5 Bxg2 30. Kxg2 Qc6+ 31. d5 Qc2 32. Qh6 Bc5 33. Rd2 Qe4+ 34. Kf1 Bxf2 35. Kxf2 Rc3 36. Rf5 Nxf5 37. gxf5 Qf3+ 38. Kg1 Rc1+ 0-1

[Event "Avoine op 29th"]
[Site "Avoine"]
[Date "2014.07.20"]
[Round "2"]
[White "Schweitzer, Viktoriya"]
[Black "Filip, Lucian Ioan"]
[Result "0-1"]
[WhiteElo "2195"]
[BlackElo "2458"]
[PlyCount "116"]
[EventDate "2014.07.19"]
[EventType "swiss"]
[EventRounds "9"]
[EventCountry "FRA"]
[SourceTitle "CBM 161 Extra"]
[Source "ChessBase"]
[SourceDate "2014.08.29"]
[SourceVersion "1"]
[SourceVersionDate "2014.08.29"]
[SourceQuality "1"]

1. e4 c5 2. Nf3 Nc6 3. d3 Nf6 4. g3 d5 5. Nbd2 Bg4 6. c3 dxe4 7. dxe4 Nxe4 8. Qa4 Nxd2 9. Nxd2 Bd7 10. Qc4 e6 11. Nf3 Qb6 12. Bg2 Be7 13. 0-0 0-0 14. Qe2 Rad8 15. h4 Qc7 16. Re1 Bc8 17. Ng5 h6 18. Nf3 Rfe8 19. Nh2 Bd6 20. Qh5 f5 21. Be3 Qf7 22. Qxf7+ Kxf7 23. Bxc6 bxc6 24. c4 e5 25. Rad1 f4 26. Bd2 Bc7 27. Bc3 Rxd1 28. Rxd1 e4 29. gxf4 Bxf4 30. Nf1 Bg4 31. Re1 Re6 32. Nd2 e3 33. fxe3 Rxe3 34. Ne4 Rh3 35. Rf1 Bf3 36. Re1 Rh1+ 37. Kf2 Rxe1 38. Kxf3 Rf1+ 39. Kg2 Rc1 40. Nxc5 Rc2+ 41. Kf3 Bd2 42. Bd4 Rxc4 43. Ke4 Be1 44. Nd3 Bg3 45. h5 Ra4 46. a3 Bf2 47. Ne5+ Kf6 48. Ng4+ Kg5 49. Nxf2 c5 50. b3 Rxd4+ 51. Ke3 Kxh5 52. b4 Rxb4 53. axb4 cxb4 54. Kf4 b3 55. Nd1 Kh4 56. Nb2 g5+ 57. Kf3 g4+ 58. Kf2 Kg5 0-1

[Event "Metz op 31th"]
[Site "Metz"]
[Date "2013.04.25"]
[Round "9"]
[White "Fantin, Ludwig"]
[Black "Schweitzer, Viktoriya"]
[Result "1/2-1/2"]
[WhiteElo "2271"]
[BlackElo "2239"]
[PlyCount "107"]
[EventDate "2013.04.20"]
[EventType "swiss"]
[EventRounds "9"]
[EventCountry "FRA"]
[SourceTitle "EXT 2016"]
[Source "ChessBase"]
[SourceDate "2015.10.08"]
[SourceVersion "1"]
[SourceVersionDate "2015.10.08"]
[SourceQuality "1"]

1. d4 g6 2. c4 Bg7 3. Nf3 Nf6 4. g3 0-0 5. Bg2 d6 6. 0-0 Nc6 7. Nc3 e5 8. d5 Ne7 9. e4 Nh5 10. Ne1 Bd7 11. Nd3 Qc8 12. f3 b6 13. Bd2 h6 14. Rc1 f5 15. b4 fxe4 16. Nxe4 Nf6 17. Ndf2 Nxe4 18. fxe4 Qe8 19. Be3 a5 20. c5 bxc5 21. bxc5 Bb5 22. Re1 Kh7 23. c6 Ba6 24. Rb1 Ng8 25. Qa4 Qf7 26. Rb2 Bc8 27. Rb5 h5 28. Rxa5 Bh6 29. Nd3 Rb8 30. Rb5 Bxe3+ 31. Rxe3 Bg4 32. Rb7 Ra8 33. Qb3 Bc8 34. Rf3 Nf6 35. a4 Kg8 36. h3 g5 37. Rf2 Ra6 38. Rb8 Kg7 39. Nb4 Ra5 40. Rb5 Ra8 41. a5 Qg6 42. Rb7 Rxa5 43. Rxc7+ Kh6 44. Nc2 Ra8 45. Qe3 Rg8 46. h4 Ng4 47. hxg5+ Qxg5 48. Qxg5+ Kxg5 49. Rff7 Ra2 50. Ne1 Ra1 51. Rf1 Ra3 52. Nf3+ Kh6 53. Nh4 Rc3 54. Rcf7 1/2-1/2

[Event "Metz op 31th"]
[Site "Metz"]
[Date "2013.04.23"]
[Round "6"]
[White "Schweitzer, Viktoriya"]
[Black "Peyre, Camille"]
[Result "1-0"]
[WhiteElo "2239"]
[BlackElo "1982"]
[PlyCount "77"]
[EventDate "2013.04.20"]
[EventType "swiss"]
[EventRounds "9"]
[EventCountry "FRA"]
[SourceTitle "EXT 2016"]
[Source "ChessBase"]
[SourceDate "2015.10.08"]
[SourceVersion "1"]
[SourceVersionDate "2015.10.08"]
[SourceQuality "1"]

1. e4 c5 2. Nf3 e6 3. d3 Nc6 4. g3 d5 5. Nbd2 Bd6 6. Bg2 Nge7 7. 0-0 0-0 8. Re1 b6 9. c3 Bb7 10. Nf1 b5 11. h4 b4 12. e5 Bc7 13. N1h2 d4 14. c4 Rb8 15. Ng4 Nf5 16. Bg5 Qc8 17. Qc1 Bd8 18. Nd2 h5 19. Bxd8 Qxd8 20. Nh2 Nce7 21. Bxb7 Rxb7 22. Ne4 Rc7 23. Qg5 g6 24. Nf6+ Kh8 25. Re4 Ng8 26. f3 Nxf6 27. exf6 Kh7 28. g4 Ne3 29. gxh5 Rg8 30. Kf2 Qf8 31. Ng4 Nxg4+ 32. fxg4 Qh6 33. hxg6+ Rxg6 34. Qxh6+ Kxh6 35. Kg3 a5 36. Re5 Kh7 37. g5 Rg8 38. h5 Rcc8 39. Kf4 1-0

[Event "Metz op 31th"]
[Site "Metz"]
[Date "2013.04.21"]
[Round "3"]
[White "Pucher, Sebastien"]
[Black "Schweitzer, Viktoriya"]
[Result "1-0"]
[WhiteElo "2233"]
[BlackElo "2239"]
[PlyCount "69"]
[EventDate "2013.04.20"]
[EventType "swiss"]
[EventRounds "9"]
[EventCountry "FRA"]
[SourceTitle "EXT 2016"]
[Source "ChessBase"]
[SourceDate "2015.10.08"]
[SourceVersion "1"]
[SourceVersionDate "2015.10.08"]
[SourceQuality "1"]

1. e4 g6 2. d4 Bg7 3. Nc3 d6 4. Nf3 Nf6 5. Be2 a6 6. 0-0 0-0 7. h3 b5 8. e5 Nfd7 9. Bg5 f6 10. exf6 exf6 11. Bf4 Bb7 12. a4 b4 13. Bc4+ Kh8 14. Nd5 a5 15. Bg3 Bxd5 16. Bxd5 c6 17. Bb3 d5 18. Re1 Re8 19. Qd2 Re4 20. c4 Nb6 21. c5 N6d7 22. Bc2 Re8 23. Rxe8+ Qxe8 24. Re1 Qf7 25. Qf4 Nf8 26. Bd3 Qd7 27. b3 Qc8 28. h4 Nbd7 29. h5 Kg8 30. hxg6 Nxg6 31. Qg4 Ndf8 32. Bf5 Qb7 33. Bd6 Rd8 34. Nh4 Kf7 35. Be6+ 1-0

[Event "Luxembourg-chT 1213"]
[Site "Luxembourg"]
[Date "2013.04.10"]
[Round "8"]
[White "Callam, Hannes"]
[Black "Schweitzer, Viktoriya"]
[Result "1-0"]
[WhiteElo "2157"]
[BlackElo "2185"]
[PlyCount "77"]
[EventDate "2012.10.??"]
[EventType "team-tourn"]
[EventRounds "10"]
[EventCountry "LUX"]
[SourceTitle "EXT 2017"]
[Source "ChessBase"]
[SourceDate "2016.10.25"]
[SourceVersion "1"]
[SourceVersionDate "2016.10.25"]
[SourceQuality "1"]

1. d4 d6 2. e4 Nf6 3. f3 c5 4. Ne2 g6 5. Be3 cxd4 6. Nxd4 Bg7 7. c4 0-0 8. Nc3 Nc6 9. Qd2 Nxd4 10. Bxd4 Nd7 11. Bxg7 Kxg7 12. Be2 a5 13. 0-0-0 f6 14. h4 a4 15. f4 Qa5 16. h5 g5 17. h6+ Kh8 18. Rh5 Rg8 19. fxg5 Rxg5 20. Rxg5 Qxg5 21. Qxg5 fxg5 22. Nd5 Nc5 23. Nxe7 Be6 24. Nf5 Nxe4 25. Nxd6 Nc5 26. Bf3 Rf8 27. Nxb7 Nxb7 28. Bxb7 Bxc4 29. Bd5 Rc8 30. Kb1 Rd8 31. Bf3 Rxd1+ 32. Bxd1 Bb5 33. Kc2 Kg8 34. Kc3 Kf7 35. Bc2 Bc6 36. g3 Bd5 37. a3 Bc6 38. Bxh7 Kf6 39. Bc2 1-0

[Event "Luxembourg-chT 1213"]
[Site "Luxembourg"]
[Date "2012.11.10"]
[Round "2"]
[White "Schweitzer, Viktoriya"]
[Black "Biryukov, Alice"]
[Result "1-0"]
[WhiteElo "2185"]
[BlackElo "1867"]
[PlyCount "53"]
[EventDate "2012.10.??"]
[EventType "team-tourn"]
[EventRounds "10"]
[EventCountry "LUX"]
[SourceTitle "EXT 2017"]
[Source "ChessBase"]
[SourceDate "2016.10.25"]
[SourceVersion "1"]
[SourceVersionDate "2016.10.25"]
[SourceQuality "1"]

1. e4 e5 2. Nf3 Nc6 3. Nc3 Nf6 4. d4 exd4 5. Nxd4 Bb4 6. Nxc6 bxc6 7. Bd3 0-0 8. 0-0 d5 9. exd5 cxd5 10. Bg5 c6 11. Ne2 Bg4 12. c3 Bc5 13. Qa4 Bxe2 14. Bxe2 Qd6 15. Bd3 h6 16. Bf4 Qd7 17. Be5 Ng4 18. Bg3 f5 19. Rae1 f4 20. Bxf4 Nxf2 21. Rxf2 Bxf2+ 22. Kxf2 g5 23. g3 gxf4 24. gxf4 d4 25. Qb3+ Kh8 26. Re6 Qg7 27. Rg6 1-0

[Event "Metz op 30th"]
[Site "Metz"]
[Date "2012.04.23"]
[Round "3"]
[White "Frick, Christoph"]
[Black "Schweitzer, Viktoriya"]
[Result "1/2-1/2"]
[WhiteElo "2229"]
[BlackElo "2279"]
[PlyCount "40"]
[EventDate "2012.04.14"]
[EventType "swiss"]
[EventRounds "9"]
[EventCountry "FRA"]
[SourceTitle "EXT 2013"]
[Source "ChessBase"]
[SourceDate "2012.11.22"]
[SourceVersion "1"]
[SourceVersionDate "2012.11.22"]
[SourceQuality "1"]

1. e4 c6 2. Nc3 g6 3. d4 Bg7 4. Nf3 d5 5. h3 dxe4 6. Nxe4 Nd7 7. Bc4 Nb6 8. Bb3 Bf5 9. Ng3 Qc8 10. 0-0 Nf6 11. Re1 e6 12. Nxf5 gxf5 13. Ne5 Nbd5 14. Qf3 0-0 15. Qg3 Kh8 16. Qh4 Nd7 17. Bh6 Nxe5 18. Bxg7+ Kxg7 19. dxe5 Qd8 20. Qd4 Qg5 1/2-1/2

[Event "Luxembourg-chT 1112"]
[Site "Luxembourg"]
[Date "2012.03.03"]
[Round "10"]
[White "Gengler, Pierre"]
[Black "Schweitzer, Viktoriya"]
[Result "1-0"]
[WhiteElo "2189"]
[BlackElo "2185"]
[PlyCount "62"]
[EventDate "2011.10.??"]
[EventType "team-tourn"]
[EventRounds "10"]
[EventCountry "LUX"]
[SourceTitle "EXT 2017"]
[Source "ChessBase"]
[SourceDate "2016.10.25"]
[SourceVersion "1"]
[SourceVersionDate "2016.10.25"]
[SourceQuality "1"]

1. e4 g6 2. d4 c6 3. c4 Bg7 4. Nc3 d6 5. Nge2 Nf6 6. g3 0-0 7. Bg2 e5 8. 0-0 Qc7 9. h3 Re8 10. Be3 Nbd7 11. Qd2 a6 12. a4 exd4 13. Nxd4 Nc5 14. Qc2 a5 15. Rad1 Qe7 16. Rfe1 Bd7 17. Bf4 Rad8 18. Nb3 Nxb3 19. Bxd6 Qe6 20. Qxb3 b5 21. e5 bxc4 22. Qb7 Nd5 23. Nxd5 cxd5 24. Bxd5 Qxh3 25. Bc7 Bc8 26. Qc6 Rd7 27. e6 Rxe6 28. Rxe6 Qxe6 29. Qxe6 fxe6 30. Bxe6+ Rf7 31. Rd8+ Bf8 1-0

[Event "Luxembourg-chT 1112"]
[Site "Luxembourg"]
[Date "2011.11.10"]
[Round "2"]
[White "Meyer, Henri"]
[Black "Schweitzer, Viktoriya"]
[Result "1-0"]
[WhiteElo "2031"]
[BlackElo "2185"]
[PlyCount "71"]
[EventDate "2011.10.??"]
[EventType "team-tourn"]
[EventRounds "10"]
[EventCountry "LUX"]
[SourceTitle "EXT 2017"]
[Source "ChessBase"]
[SourceDate "2016.10.25"]
[SourceVersion "1"]
[SourceVersionDate "2016.10.25"]
[SourceQuality "1"]

1. d4 d6 2. c4 Nd7 3. Nc3 e5 4. e3 Ngf6 5. Nge2 Be7 6. h3 0-0 7. g4 exd4 8. exd4 c5 9. Bg2 cxd4 10. Qxd4 Nc5 11. 0-0 a5 12. Be3 Bd7 13. Rfd1 Bc6 14. Nf4 Ra6 15. Nfd5 Bd7 16. Nxe7+ Qxe7 17. g5 Ne8 18. Nd5 Qd8 19. Qh4 Ne6 20. Be4 g6 21. Qh6 Rc6 22. Rac1 Rc5 23. h4 f5 24. Bb1 Rf7 25. f4 Bc6 26. h5 Nf8 27. Bxc5 Bxd5 28. Rxd5 Qe7 29. Re5 Qc7 30. hxg6 hxg6 31. Rxe8 Qxc5+ 32. Kf1 Rg7 33. Rce1 Qxc4+ 34. Kg2 Qxf4 35. Rxf8+ Kxf8 36. Qh8+ 1-0

[Event "FRA-chB (Women)"]
[Site "Caen"]
[Date "2011.08.19"]
[Round "4"]
[White "Benard, Anne Laurie"]
[Black "Schweitzer, Viktoriya"]
[Result "0-1"]
[WhiteElo "1952"]
[BlackElo "2226"]
[PlyCount "130"]
[EventDate "2011.08.16"]
[EventType "tourn"]
[EventRounds "10"]
[EventCountry "FRA"]
[SourceTitle "CBM 144 Extra"]
[Source "ChessBase"]
[SourceDate "2011.10.28"]
[SourceVersion "1"]
[SourceVersionDate "2011.10.28"]
[SourceQuality "1"]

1. e4 e6 2. d3 d5 3. Nd2 Nf6 4. Ngf3 b6 5. g3 Bb7 6. Qe2 Be7 7. Bg2 c5 8. 0-0 Nc6 9. e5 Nd7 10. Re1 Qc7 11. Nf1 0-0-0 12. Bf4 Rdg8 13. h4 h6 14. Qd2 Qd8 15. h5 g5 16. hxg6 fxg6 17. d4 g5 18. Be3 g4 19. N3h2 h5 20. a4 Rf8 21. dxc5 bxc5 22. Bf4 Rhg8 23. a5 a6 24. c3 c4 25. Qe2 Nc5 26. Be3 Nxa5 27. Nd2 Ncb3 28. Rad1 Nxd2 29. Rxd2 Qc7 30. Bf4 Nb3 31. Rdd1 Nc5 32. Nf1 Nd3 33. Rxd3 cxd3 34. Qxd3 Bg5 35. Bxg5 Rxg5 36. Qd4 Rff5 37. Qb4 Rxe5 38. Qf8+ Qd8 39. Qc5+ Kb8 40. Ne3 d4 41. Qxd4 Qxd4 42. cxd4 Rb5 43. Nd1 Bxg2 44. Kxg2 Rb6 45. Nc3 Rf5 46. Re2 Kc7 47. Na4 Rc6 48. Nc5 e5 49. b4 Kd6 50. dxe5+ Ke7 51. Ra2 Rxe5 52. Nxa6 Rb5 53. Nc5 Rxb4 54. Nd3 Rb5 55. Nf4 Kf6 56. Rd2 Kg5 57. Re2 Rc1 58. f3 gxf3+ 59. Kxf3 Rc3+ 60. Kf2 Kg4 61. Re4 Rf3+ 62. Ke2 Rb2+ 63. Kd1 Ra2 64. Ne2+ Kf5 65. Rf4+ Rxf4 0-1

[Event "Metz op 29th"]
[Site "Metz"]
[Date "2011.05.05"]
[Round "5"]
[White "Schweitzer, Viktoriya"]
[Black "Frick, Christoph"]
[Result "1-0"]
[WhiteElo "2230"]
[BlackElo "2190"]
[PlyCount "67"]
[EventDate "2011.05.02"]
[EventType "swiss"]
[EventRounds "9"]
[EventCountry "FRA"]
[SourceTitle "CBM 142 Extra"]
[Source "ChessBase"]
[SourceDate "2011.06.27"]
[SourceVersion "1"]
[SourceVersionDate "2011.06.27"]
[SourceQuality "1"]

1. e4 g6 2. d4 Bg7 3. Nf3 d6 4. Bc4 e6 5. 0-0 Ne7 6. Bb3 Nd7 7. Nc3 0-0 8. Bf4 h6 9. Qd2 Kh7 10. Rad1 b6 11. Rfe1 Bb7 12. Qe2 a6 13. a4 Qe8 14. h4 Rd8 15. Bc4 Ra8 16. Bd3 e5 17. dxe5 dxe5 18. Be3 Nc5 19. Bxc5 bxc5 20. Bc4 f5 21. Qe3 fxe4 22. Nd2 Nf5 23. Qxc5 e3 24. fxe3 Bxg2 25. Kxg2 Nxh4+ 26. Kh1 Rd8 27. Re2 e4 28. Rh2 Rf5 29. Qxc7 Rd7 30. Qb6 Bxc3 31. Rxh4 Qe7 32. Rh2 Bxd2 33. Qe6 Rc5 34. Qg8# 1-0

[Event "Metz op 29th"]
[Site "Metz"]
[Date "2011.05.03"]
[Round "3"]
[White "Schweitzer, Viktoriya"]
[Black "Maloberti, David"]
[Result "1/2-1/2"]
[WhiteElo "2230"]
[BlackElo "2111"]
[PlyCount "110"]
[EventDate "2011.05.02"]
[EventType "swiss"]
[EventRounds "9"]
[EventCountry "FRA"]
[SourceTitle "CBM 142 Extra"]
[Source "ChessBase"]
[SourceDate "2011.06.27"]
[SourceVersion "1"]
[SourceVersionDate "2011.06.27"]
[SourceQuality "1"]

1. e4 e6 2. d3 d5 3. Nd2 Nf6 4. Ngf3 c5 5. g3 Nc6 6. Bg2 Be7 7. 0-0 0-0 8. e5 Nd7 9. Re1 Qc7 10. Qe2 b5 11. h4 c4 12. d4 b4 13. c3 a5 14. Nf1 a4 15. a3 bxc3 16. bxc3 Na5 17. Bg5 f6 18. exf6 Nxf6 19. Ne5 Rb8 20. h5 Nc6 21. Nxc6 Qxc6 22. Bh3 Rb6 23. Nh2 Bd8 24. Bxf6 Bxf6 25. Ng4 Qe8 26. f4 Qf7 27. Qf3 Rb3 28. Nxf6+ Qxf6 29. Re5 Kh8 30. Qe3 Qh6 31. Bg4 Bd7 32. Bd1 g6 33. Kg2 Rb2+ 34. Be2 Rf5 35. Rh1 Qg7 36. hxg6 Qxg6 37. Kf3 Rf7 38. Rhh5 Qf6 39. Qc1 Rb3 40. Bd1 Rg7 41. Rhg5 Be8 42. Rxg7 Kxg7 43. Kg2 Bg6 44. Bf3 Rb1 45. Qe3 Bf5 46. Qf2 Qh6 47. Re1 Qh3+ 48. Kg1 Rxe1+ 49. Qxe1 h5 50. Qf2 Be4 51. Bxe4 dxe4 52. d5 exd5 53. f5 Qg4 54. Qd4+ Kh7 55. Qe5 Qd1+ 1/2-1/2